Classe de philosophie

Salvato in:
Dettagli Bibliografici
Autori principali: Daval, Simone (Autore), Guillemain, Bernard (Autore)
Natura: Libro
Lingua:francese
Pubblicazione: París Universitaires de France 1968
Edizione:3a. ed
Serie:Nouveau Cours de Philosophie
Soggetti:
Tags: Aggiungi Tag
Nessun Tag, puoi essere il primo ad aggiungerne!!

MARC

LEADER 00000nam a2200000 a 4500
001 UCZ3949
003 CL-VaPUC
008 951027e19680000FR |||||||||||||||||fre|d
082 0 4 |a 102  |b DAV  |2 21 
100 0 |a Daval, Simone  |e author  |9 347803 
700 |a Guillemain, Bernard  |e author  |9 576651 
245 1 0 |a Classe de philosophie 
250 |a 3a. ed 
300 |a v 
942 |c BK 
945 |d 19951027 00:00:00  |a lriquelm 
260 |a París  |b Universitaires de France  |c 1968 
650 0 |a Filosofía   |9 223554 
650 0 |a Amor  |9 257817 
650 7 |a PLACER  |2 CL-VaPUC  |9 321616 
650 0 |a Dolor  |9 313052 
650 0 |a Emociones   |9 265224 
650 0 |a Voluntad  |9 307812 
650 0 |a Personalidad   |9 307255 
650 0 |a Estética   |9 264950 
650 0 |a Ética  |9 255099 
583 |a last modification  |c 19951027 00:00:00  |k Rodrigo Vera 
490 0 |a Nouveau Cours de Philosophie 
999 |c 240389  |d 240387 
952 |0 0  |1 0  |4 0  |6 102_000000000000000_DAV_1968  |7 0  |8 P  |9 252239  |a BIBEDU  |b BIBEDU  |c BIBEDU_PB  |d 2019-11-18  |h v.2  |i 1591185  |o 102 DAV 1968  |p 1591185  |r 2024-01-25  |w 2019-11-18  |y BK  |k FIL